[Event "20th Heraklion IT Open 2017"]
[Site "Heraklion"]
[Date "2017.04.17"]
[Round "1"]
[White "Lianeris, Andreas"]
[Black "Serpetsidakis, Nikolaos"]
[Result "0-1"]
[WhiteElo "1543"]
[BlackElo "1994"]
[Annotator "NA"]
[PlyCount "70"]
[EventDate "2017.??.??"]
[EventType "swiss"]
[EventCountry "GRE"]
[SourceTitle "playchess.com"]
[Source "ChessBase"]
[SourceQuality "1"]
[TimeControl "40/5400+30:1800+30"]

1. d4 {[%emt 0:00:00]} Nf6 {[%emt 0:00:17]} 2. Nf3 {[%emt 0:00:11]} g6 {[%emt 0:00:31]} 3. e3 {[%emt 0:00:57]} Bg7 {[%emt 0:00:06]} 4. Bd3 {[%emt 0:01:09]} O-O {[%emt 0:00:09]} 5. b3 {[%emt 0:03:28]} d6 {[%emt 0:00:19]} 6. Bb2 {[%emt 0:00:20]} Nbd7 {[%emt 0:00:52]} 7. Nbd2 {[%emt 0:00:53]} Re8 {[%emt 0:00:40]} 8. O-O {[%emt 0:01:40]} e5 {[%emt 0:00:27]} 9. c4 {[%emt 0:03:49]} e4 {[%emt 0:01:10]} 10. Be2 {[%emt 0:12:44]} exf3 {[%emt 0:00:10]} 11. Bxf3 {[%emt 0:00:07]} Nf8 {[%emt 0:00:47]} 12. Re1 {[%emt 0:06:08]} d5 {[%emt 0:03:00]} 13. Qc2 {[%emt 0:03:48]} Bf5 {[%emt 0:00:51]} 14. Qc1 {[%emt 0:11:05]} c6 {[%emt 0:00:30]} 15. a4 {[%emt 0:03:21]} Ne4 {[%emt 0:01:19]} 16. c5 {[%emt 0:01:51]} Nxd2 {[%emt 0:00:46]} 17. Qxd2 {[%emt 0:00:26]} Qd7 {[%emt 0:00:05]} 18. Qe2 {[%emt 0:02:12]} Ne6 {[%emt 0:00:56]} 19. b4 {[%emt 0:03:11]} Nxd4 {[%emt 0:00:49]} 20. Bxd4 Bxd4 {[%emt 0:00:07]} 21. Rac1 {[%emt 0:02:51]} Bg7 {[%emt 0:00:16]} 22. Red1 {[%emt 0:01:19]} Rad8 {[%emt 0:00:46]} 23. b5 {[%emt 0:00:38]} Qc7 {[%emt 0:00:27]} 24. bxc6 {[%emt 0:00:53]} bxc6 {[%emt 0:00:08]} 25. Bg4 {[%emt 0:00:34]} Bxg4 {[%emt 0:00:18]} 26. Qxg4 Re4 {[%emt 0:00:08]} 27. Qe2 {[%emt 0:00:40]} Rxa4 {[%emt 0:00:08]} 28. Qc2 {[%emt 0:00:20]} Rc4 {[%emt 0:00:08]} 29. Qa2 {[%emt 0:00:21]} Rxc1 {[%emt 0:00:04]} 30. Rxc1 {[%emt 0:00:08]} Rb8 {[%emt 0:00:16]} 31. Qe2 {[%emt 0:01:05]} Rb5 {[%emt 0:00:18]} 32. e4 {[%emt 0:00:23]} Qe5 {[%emt 0:00:08]} 33. Qg4 {[%emt 0:00:39]} Qe6 {[%emt 0:00:12]} 34. Qh4 {[%emt 0:01:37]} Qxe4 {[%emt 0:00:14]} 35. f4 {[%emt 0:01:16]} Qe3+ {[%emt 0:00:07]} 0-1

[Event "20th Heraklion IT Open 2017"]
[Site "Heraklion"]
[Date "2017.04.17"]
[Round "1"]
[White "Kiriakakis, Ioannis"]
[Black "Maris, Ioannis"]
[Result "0-1"]
[WhiteElo "1534"]
[BlackElo "1967"]
[Annotator "NA"]
[PlyCount "56"]
[EventDate "2017.??.??"]
[EventType "swiss"]
[EventCountry "GRE"]
[SourceTitle "playchess.com"]
[Source "ChessBase"]
[SourceQuality "1"]
[TimeControl "40/5400+30:1800+30"]

1. e4 {[%emt 0:00:00]} d6 {[%emt 0:00:45]} 2. d4 {[%emt 0:00:00]} Nf6 {[%emt 0:00:14]} 3. Nc3 {[%emt 0:00:23]} g6 {[%emt 0:00:23]} 4. f3 {[%emt 0:01:31]} c6 {[%emt 0:01:44]} 5. Be3 {[%emt 0:01:07]} Qc7 {[%emt 0:04:26]} 6. Qd2 {[%emt 0:00:58]} b5 {[%emt 0:05:19]} 7. Nge2 {[%emt 0:13:41] B07: Pirc Defence: Miscellaneous Systems} (7. g4 h5 8. g5 Nfd7 9. d5 a6 10. dxc6 Nxc6 11. Nd5 Qb7 12. a4 b4 13. Bd4 Rg8 14. O-O-O Nxd4 15. Qxd4 {1-0 (49) Bortnyk,O (2565)-Onischuk,V (2628) Gjakova 2016}) 7... a5 {[%emt 0:13:23]} 8. Nf4 {[%emt 0:15:39]} Bg7 {[%emt 0:13:52]} 9. Nd3 $146 {[%emt 0:34:11]} (9. d5 b4 10. Na4 Nbd7 11. c4 c5 12. Nd3 Nb6 13. Nxb6 Qxb6 14. Bh6 Bxh6 15. Qxh6 {1-0 (38) Garcia,E (2033)-Aguilera,N Villa Martelli 2011}) 9... b4 {[%emt 0:06:33]} 10. Ne2 {[%emt 0:02:21]} Nbd7 {[%emt 0:01:43]} 11. a3 {[%emt 0:06:37]} Nb6 {[%emt 0:05:20]} 12. Bf2 {[%emt 0:10:24]} Nc4 {[%emt 0:03:07]} 13. Qc1 {[%emt 0:01:43]} h5 {[%emt 0:04:56]} (13... bxa3 $11 14. b3 Nb6) 14. Bg3 {[%emt 0:06:17]} e5 {[%emt 0:12:18]} 15. dxe5 {[%emt 0:01:30]} dxe5 {[%emt 0:00:07]} 16. Bh4 {[%emt 0:00:56]} Rb8 {[%emt 0:10:28]} 17. axb4 {[%emt 0:00:28]} axb4 {[%emt 0:00:13]} 18. Nc5 {[%emt 0:00:36]} Qe7 {[%emt 0:04:29]} 19. Nb3 {[%emt 0:00:29]} Be6 {[%emt 0:01:05]} 20. Ng1 {[%emt 0:00:32]} (20. Qg5 $11) 20... O-O {[%emt 0:03:35]} 21. Bxc4 {[%emt 0:00:29]} Bxc4 {[%emt 0:00:02]} 22. Qe3 {[%emt 0:00:34]} (22. Bg5 $17 {was necessary.}) 22... Ra8 {[%emt 0:01:23]} (22... Ng4 $19 23. Bxe7 Nxe3 24. Bxf8 Nxc2+ 25. Kf2 Bxf8) 23. Ne2 {[%emt 0:00:31]} Bxb3 {[%emt 0:00:20]} 24. Rxa8 {[%emt 0:00:22]} Rxa8 {[%emt 0:00:04]} 25. cxb3 {[%emt 0:00:19]} Ra1+ {[%emt 0:02:53]} 26. Nc1 $17 {[%emt 0:00:05]} Ng4 {[%emt 0:01:04]} 27. Bxe7 {[%emt 0:01:15]} Nxe3 {[%emt 0:00:02]} 28. g3 {[%emt 0:00:26]} Rxc1+ {[%emt 0:00:30]} 0-1

[Event "20th Heraklion IT Open 2017"]
[Site "Heraklion"]
[Date "2017.04.18"]
[Round "2"]
[White "Damia, Angelo"]
[Black "Moshovakis, Aggelos"]
[Result "1/2-1/2"]
[WhiteElo "2417"]
[BlackElo "2030"]
[Annotator "RC"]
[PlyCount "68"]
[EventDate "2017.??.??"]
[EventType "swiss"]
[EventCountry "GRE"]
[SourceTitle "playchess.com"]
[Source "ChessBase"]
[SourceQuality "1"]
[TimeControl "40/5400+30:1800+30"]

1. c4 {[%emt 0:00:00]} e5 {[%emt 0:00:19]} 2. a3 {[%emt 0:01:01]} Nf6 {[%emt 0:04:26]} 3. e3 {[%emt 0:00:05]} Nc6 {[%emt 0:02:42]} 4. Nc3 {[%emt 0:05:29]} g6 {[%emt 0:02:31]} 5. Nf3 {[%emt 0:04:32]} Bg7 {[%emt 0:01:16]} 6. d4 {[%emt 0:02:17]} exd4 {[%emt 0:11:30]} 7. exd4 {[%emt 0:01:54]} d5 {[%emt 0:01:59]} 8. c5 {[%emt 0:00:14]} O-O {[%emt 0:00:39]} 9. h3 {[%emt 0:01:18]} Ne4 {[%emt 0:03:24]} 10. Be2 {[%emt 0:04:51]} Be6 {[%emt 0:08:17]} 11. Be3 {[%emt 0:03:43]} f5 {[%emt 0:07:02]} 12. Qb3 {[%emt 0:10:52]} Qd7 {[%emt 0:07:39]} 13. g3 {[%emt 0:08:48]} Kh8 {[%emt 0:09:43]} 14. O-O-O {[%emt 0:05:45]} Na5 {[%emt 0:01:08]} 15. Qb4 {[%emt 0:04:06]} b6 {[%emt 0:01:30]} 16. Ne5 {[%emt 0:11:21]} Bxe5 {[%emt 0:02:59]} 17. dxe5 {[%emt 0:00:01]} Nc6 {[%emt 0:00:08]} 18. Qa4 {[%emt 0:01:04]} Nxc3 {[%emt 0:01:12]} 19. bxc3 {[%emt 0:00:04]} Nxe5 {[%emt 0:01:30]} 20. Qd4 {[%emt 0:17:33]} Qg7 {[%emt 0:00:07]} 21. Qd2 {[%emt 0:04:19]} Kg8 {[%emt 0:01:42]} 22. Bh6 {[%emt 0:01:27]} Qe7 {[%emt 0:00:40]} 23. Qe3 {[%emt 0:01:17]} Nd7 {[%emt 0:02:00]} 24. Bxf8 {[%emt 0:00:33]} Kxf8 {[%emt 0:00:40]} 25. Bf3 {[%emt 0:01:15]} c6 {[%emt 0:03:17]} 26. c4 {[%emt 0:01:01]} Rc8 {[%emt 0:03:13]} 27. cxb6 {[%emt 0:02:23]} Nxb6 {[%emt 0:00:23]} 28. Be2 {[%emt 0:04:18]} dxc4 {[%emt 0:01:05]} 29. Rhe1 {[%emt 0:02:01]} Nd5 {[%emt 0:00:37]} 30. Qd4 {[%emt 0:00:40]} Qxa3+ {[%emt 0:00:17]} 31. Qb2 {[%emt 0:00:12]} Qc5 {[%emt 0:00:58]} 32. Qd4 {[%emt 0:00:37]} Qa3+ {[%emt 0:00:07]} 33. Qb2 {[%emt 0:00:03]} Qc5 {[%emt 0:00:02]} 34. Qd4 {[%emt 0:00:57]} Qa3+ {[%emt 0:04:26]} 1/2-1/2

[Event "20th Heraklion IT Open 2017"]
[Site "Heraklion"]
[Date "2017.04.18"]
[Round "2"]
[White "Wallace, John Paul"]
[Black "Hristodoulaki, Antonia"]
[Result "1/2-1/2"]
[WhiteElo "2404"]
[BlackElo "1994"]
[Annotator "TA"]
[PlyCount "137"]
[EventDate "2017.??.??"]
[EventType "swiss"]
[EventCountry "GRE"]
[SourceTitle "playchess.com"]
[Source "ChessBase"]
[SourceQuality "1"]

{[%evp 23,137,0,3,0,0,-2,8,-8,0,-8,13,16,22,16,18,23,30,19,43,15,46,22,44,45,77,40,34,11,60,53,56,28,88,87,97,89,90,89,88,97,94,91,117,118,145,140,145,115,167,39,93,77,133,0,125,37,58,0,0,0,0,-27,0,-66,-29,-171,-75,-741,-725,-711,-684,-829,-223,-308,-179,-178,-168,-151,-136,-177,-8,-8,-8,-8,-8,-8,-8,-34,0,0,0,0,0,0,0,0,0,0,0,0,0,0,0,0,0,0,0,0,0,0,0,0,8,8,8,8]} 1. e4 e6 2. d4 d5 3. Nd2 c5 4. exd5 Qxd5 5. Ngf3 cxd4 6. Bc4 Qd8 7. O-O Nc6 8. Nb3 a6 {C07: French Tarrasch: 3...c5, 4 Ngf3 and 4 exd5 Qxd5} 9. Nbxd4 Nxd4 10. Nxd4 Qc7 11. Qe2 (11. Bb3 Bd6 12. Qh5 Nf6 13. Qh4 Bd7 14. Bg5 {½-½ (42) Schroeder,J (2543)-Wojtaszek,R (2745) Sharjah 2017}) 11... Bd6 12. h3 Ne7 {LiveBook: 7 Games} 13. Bd3 O-O 14. c3 $146 (14. Rd1 $5 {with more complications.} Bd7 15. Qh5 g6 16. Qh4 Rfe8 17. Bh6) (14. Nf3 Nd5 15. Qe4 f5 16. Qe2 {½-½ (53) Amonatov,F (2624)-Kotsur,P (2559) Dushanbe 2013}) 14... Ng6 15. Qh5 b6 16. Nf3 $40 {[%mdl 128] White attacks.} Qc5 17. Qxc5 Bxc5 18. Be3 Bxe3 19. fxe3 Ne7 20. Rfd1 Bb7 21. Rd2 Nc6 22. Rad1 h6 23. Be4 Rac8 24. Bxc6 Bxc6 25. Ne5 Bb5 26. Rd6 Rc5 27. Nf3 (27. Nd7 $5 {looks sharper.} Bxd7 28. Rxd7 a5 29. Ra7 Rb5 30. Rd2) 27... Rb8 (27... Bc6 $11) 28. Rd8+ $1 $16 Rxd8 29. Rxd8+ {[%mdl 4096] Endgame KRB-KRN} Kh7 30. Rb8 Rd5 31. Rxb6 Rd1+ 32. Kf2 Rb1 33. Kg3 Be2 34. a4 Ra1 35. Nd4 Bd3 (35... Bf1 $16 {was called for.}) 36. b3 ({White should try} 36. Nb3 $1 $18 {[%cal Rb3a1]} Rb1 37. Nc5) 36... Ra2 (36... Re1 $1 $14) 37. c4 Bf1 38. Rxa6 (38. Kf4 $16) 38... Rxg2+ (38... g5 $1 $11 {keeps the balance.}) 39. Kf3 (39. Kf4 $16) 39... Rb2 $14 40. Rb6 (40. Ke4 $14) 40... Bxc4 $11 41. a5 Bf1 $1 42. e4 g5 43. b4 ({Better is} 43. Ke3 $11) 43... Ra2 44. Nc6 (44. Nb5 $1 $11 {and White stays safe.}) 44... h5 ({Stronger than} 44... Bxh3 45. Rb7 $11) (44... Ra3+ $1 $19 {is more deadly.} 45. Kf2 Bxh3) 45. b5 $2 {[%mdl 8192]} (45. Ke3 $17) 45... g4+ $19 ({And not} 45... Bxh3 46. Rb7 $11) 46. hxg4 {[#]} h4 $1 {[%cal Rh4h3]} 47. Nb4 Rxa5 $2 (47... h3 48. Nxa2 h2) 48. Nc2 Rxb5 ({But not} 48... Bxb5 49. Ne3 $19) (48... h3 $142 49. Kg3 Ra2) 49. Rxb5 Bxb5 {KB-KN} 50. Nd4 Ba4 {aiming for ...Kg6.} 51. Kf4 {[#]} Kg6 $2 ({Black should play} 51... Bd1 $1 $19 {Threatens to win with ...e5+!} 52. g5 Bh5) 52. Nf3 $11 h3 {And now ...Bc6 would win.} 53. Ne5+ Kg7 54. Kg3 $1 {[#]} h2 $1 {[%mdl 512]} 55. Kxh2 Kf6 56. Nf3 {The position is equal.} Bc6 57. e5+ Kg6 58. Nd4 Ba4 59. Kg3 Kg5 60. Nf3+ Kg6 61. Kf4 Bc6 62. Nd4 Ba4 63. Nf3 Bc6 64. Ne1 Ba4 65. Nd3 Bc2 66. Nc5 Bd1 67. Nb7 $1 {[#]} Bxg4 $1 {[%mdl 512]} 68. Kxg4 f6 69. exf6 1/2-1/2

[Event "20th Heraklion IT Open 2017"]
[Site "Heraklion"]
[Date "2017.04.18"]
[Round "2"]
[White "Friedel, Marcus"]
[Black "Sourgkounis, Angelos"]
[Result "0-1"]
[WhiteElo "2182"]
[BlackElo "1960"]
[Annotator "TA"]
[PlyCount "138"]
[EventDate "2017.??.??"]
[EventType "swiss"]
[EventCountry "GRE"]
[SourceTitle "playchess.com"]
[Source "ChessBase"]
[SourceQuality "1"]

{[%evp 14,138,5,4,25,0,38,25,44,45,61,60,59,56,81,83,92,74,72,85,103,79,85,40,47,52,53,-7,61,0,8,-52,91,-68,-29,-69,-47,-82,-37,-37,20,23,31,-78,-80,-121,-35,-136,-131,-159,-133,-214,-129,-179,-115,-178,-93,-167,-176,-177,-177,-187,-168,-187,-166,-138,-18,-47,0,-16,0,-48,0,0,0,-37,-46,-37,-40,-45,-43,-38,-14,-94,-97,-93,-79,-143,-135,-112,-137,-220,-231,-229,-206,-220,-102,-203,-203,-203,-201,-203,-205,-413,-368,-421,-452,-431,-428,-493,-397,-743,-719,-926,-896,-1200,-990,-1186,-1029,-1627,-1572,-2283,-2170,-29985,-29986,-29985,-29986]} 1. c4 Nf6 2. g3 g6 3. Bg2 Bg7 4. Nc3 c5 5. a3 Nc6 6. Rb1 O-O 7. b4 d6 8. Nf3 {LiveBook: 14 Games. A36: Symmetrical English vs ...g6: 4 Bg2 Bg7} Bg4 $146 (8... b6 9. O-O Bg4 10. d3 Rc8 11. h3 Bd7 12. Bg5 h6 {1-0 (43) Kramnik,V (2772)-Gashimov,V (2758) Moscow 2009}) 9. d3 Rb8 10. b5 {White is slightly better.} Nd4 11. Nd2 Be6 12. e3 Nf5 13. O-O Nd7 14. Bb2 Ne5 15. Qc2 h5 16. h3 Qc8 17. Ne2 g5 18. e4 Nd4 $1 {[%cal Rd4c2]} 19. Bxd4 cxd4 20. Kh2 (20. f4 $14) 20... Ng6 (20... g4 $11) 21. Nf3 (21. Nb3 $14) 21... Qc5 $11 22. Qd2 (22. e5 $11) 22... Bf6 (22... g4 $15 23. hxg4 hxg4) 23. Qb4 $2 (23. e5 $1 $16 {[%cal Re5f6]} Nxe5 24. Nfxd4) 23... g4 24. Qxc5 dxc5 25. Nd2 Ne5 26. Nf4 gxh3 ({Better is} 26... Bd7 $15) 27. Bxh3 Bxh3 28. Kxh3 (28. Nxh3 $14 {stays ahead.} Ra8 29. f3 (29. Nf4 Bg5 30. Kg2 f5 31. exf5 Rxf5 $17)) 28... Bg5 $36 {[%mdl 2048] Black is really pushing.} 29. Rb3 Kh7 (29... f5 $17 30. Rg1 b6 31. exf5 Rxf5) 30. Nb1 (30. Rh1 $15) 30... Bxf4 31. gxf4 Ng6 $1 {Strongly threatening ...Rg8.} 32. Kg3 (32. f5 $17 Nf4+ 33. Kg3) 32... Rg8 {And now ...Ne5+ would win.} 33. Kf3 Nh4+ $1 34. Ke2 Rg4 (34... Ng2 $19 35. f5 Nf4+ 36. Kf3 Rg4) 35. f5 (35. Rh1 $17) 35... Ng2 $19 36. Nd2 Nf4+ 37. Ke1 Rbg8 38. Nf3 f6 39. Rh1 {[#]} Kh6 (39... h4 $1 $17 {[%mdl 512] White should prevent ...h3.} 40. Kd2 (40. Nxh4 Rg1+ 41. Rxg1 Rxg1+ 42. Kd2 Rf1 $17) (40. Rxh4+ Rxh4 41. Nxh4 Rg1+ 42. Kd2 Rf1 $17) 40... h3) 40. Kf1 Ng2 41. Rb1 h4 42. Nh2 R4g7 43. Nf3 Rg4 44. Nh2 R4g5 45. Nf3 Rh5 46. Rh3 $1 Nf4 47. Rxh4 Nxd3 (47... Rxh4 $5 {is interesting.} 48. Nxh4 Rg5 49. Ng6 Rh5 50. Kg1 Nxd3 51. Nxe7 Kg5) 48. Ke2 (48. Rxh5+ $1 $11 Kxh5 49. Ke2 Nf4+ 50. Kd2) 48... Rxh4 $17 49. Nxh4 {[%mdl 4096] Endgame KRN-KRN} Ne5 {...Rg4 is the strong threat.} 50. Ng6 (50. Rh1 $142) 50... Nxg6 {KRN-KR} ({Much worse is} 50... Nxc4 $6 51. Rh1+ Kg7 52. Rc1 $11) 51. Rh1+ Kg7 52. Rg1 (52. fxg6 $17 {was called for.} Kxg6 53. a4) 52... Kf7 $19 53. fxg6+ Rxg6 {KR-KR} 54. Rh1 Rg8 (54... Kg7 $19 {is more deadly. aiming for ...Rh6.} 55. b6 a6) 55. Rh5 (55. a4 $17) 55... b6 56. Rh1 {[#]} a6 $1 {[%mdl 512]} 57. bxa6 {Hoping for Rb1.} Ra8 58. Rb1 $2 (58. a4 {might work better.}) 58... Rxa6 59. Rb3 Ke6 60. f4 Kd6 61. Kf3 Kc6 62. Kg4 $2 (62. Ke2) 62... Ra4 63. Kf5 Rxc4 64. Ke6 Rc3 65. Rb1 Re3 66. e5 fxe5 67. fxe5 d3 {[%cal Bd4d3,Bd3d2][%mdl 32]} 68. a4 d2 69. Rd1 Re2 0-1

[Event "20th Heraklion IT Open 2017"]
[Site "Heraklion"]
[Date "2017.04.18"]
[Round "2"]
[White "Mamoulakis, Eleftherios"]
[Black "Vitsaxakis, Nikolaos"]
[Result "1-0"]
[WhiteElo "2117"]
[BlackElo "1726"]
[Annotator "TA"]
[PlyCount "83"]
[EventDate "2017.??.??"]
[EventType "swiss"]
[EventCountry "GRE"]
[SourceTitle "playchess.com"]
[Source "ChessBase"]
[SourceQuality "1"]

{[%evp 10,83,-20,-14,-14,-22,92,97,106,92,95,100,177,167,164,144,157,116,103,73,115,82,110,127,141,104,127,120,127,120,106,106,129,109,141,122,116,108,194,176,321,309,302,301,302,319,306,317,327,283,431,335,331,323,448,443,655,650,646,666,663,660,664,652,664,657,637,631,827,840,893,885,867,860,805,804]} 1. Nf3 Nf6 2. g3 d5 3. Bg2 c5 4. d3 Nc6 5. Nbd2 e5 6. e4 Be7 {A08: King's Indian Attack} 7. O-O h6 {[#]} (7... O-O $11 {keeps the balance.}) (7... O-O 8. c3 d4 9. Nc4 Qc7 10. cxd4 cxd4 11. a4 Be6 12. b3 a6 13. a5 Bxc4 14. bxc4 Nxa5 15. Nh4 g6 16. f4 Nc6 {0-1 (46) Movsesian,S (2723)-Carlsen,M (2775) Moscow 2008}) 8. exd5 $146 (8. Re1 d4 9. Nc4 Qc7 10. a4 g5 11. Rf1 Be6 12. Ne1 O-O-O 13. f4 gxf4 14. gxf4 {1-0 (49) Mukhtarova,V (1782)-Rybaizen,B (2324) St Petersburg 2015}) 8... Nxd5 {White is better.} 9. Nc4 Bf6 {[#]} 10. Nfxe5 $1 {[%mdl 512]} Nce7 (10... Nxe5 $16 {keeps fighting.} 11. Nxe5 (11. Re1 O-O 12. Nxe5 Re8 $16) 11... O-O) 11. Re1 O-O 12. c3 Rb8 13. d4 cxd4 14. cxd4 Bf5 15. a3 b5 16. Ne3 Be6 17. N3g4 Rc8 18. Nxf6+ Nxf6 19. Be3 Ned5 20. Rc1 Qb6 21. Qd2 a5 22. Rxc8 Rxc8 23. Rc1 Rb8 (23... Rxc1+ $16 24. Qxc1 b4) 24. Rc6 $18 Qa7 {[#]} (24... Qb7 $142 25. Rc5 (25. Qxa5 Ra8 26. Qe1 b4 $16) 25... b4) 25. Rxe6 $1 {[%mdl 512]} fxe6 26. Nc6 Qb6 27. Nxb8 Qxb8 28. Qxa5 b4 29. axb4 Nxb4 (29... Qxb4 {was necessary.} 30. Qxb4 Nxb4) 30. Qe5 Qxe5 31. dxe5 {[%mdl 4096] Endgame KBB-KNN} Ng4 32. Bd4 {White is clearly winning.} Nd3 (32... h5 $142 33. Be4 Nh6) 33. f4 h5 34. Be4 Nc1 35. Kg2 Nb3 36. Bg1 Kf7 37. h3 Nh6 38. Bc2 Na5 39. b4 {[%cal Bb2b4,Bb4b5,Bb5b6][%mdl 32]} Nc4 40. b5 Nf5 41. b6 Na5 42. Be4 1-0

[Event "20th Heraklion IT Open 2017"]
[Site "Heraklion"]
[Date "2017.04.18"]
[Round "2"]
[White "Serpetsidakis, Nikolaos"]
[Black "Antic, Dejan"]
[Result "0-1"]
[WhiteElo "1994"]
[BlackElo "2472"]
[Annotator "TA"]
[PlyCount "68"]
[EventDate "2017.??.??"]
[EventType "swiss"]
[EventCountry "GRE"]
[SourceTitle "playchess.com"]
[Source "ChessBase"]
[SourceQuality "1"]

{[%evp 19,68,6,23,0,1,-10,-1,-55,-45,-64,-22,-26,-32,-21,-11,-46,-46,-45,-43,-60,-54,-56,-5,-33,-19,-14,18,-75,-85,-76,-81,-81,-89,-80,-89,-83,-75,-225,-225,-225,-225,-225,-225,-233,-231,-292,-292,-316,-276,-29995,-29996]} 1. d4 e6 2. Nf3 Nf6 3. e3 b6 4. Bd3 Bb7 5. Nbd2 c5 6. O-O Be7 7. b3 O-O 8. Bb2 d6 9. c4 Nbd7 10. Rc1 Re8 {LiveBook: 9 Games. E14: Queen's Indian: Classical Variation (4 e3)} (10... a6 11. Qe2 b5 12. Rfd1 bxc4 13. bxc4 Rb8 14. Nb3 Qc7 15. Bc3 Bc6 16. Ba5 Qa7 17. Rb1 Rfc8 18. Rb2 {0-1 (28) Renner,C (2422)-Schneider,I (2486) Germany 2008}) 11. Qc2 g6 12. Bc3 $146 (12. Ne4 cxd4 13. Nxf6+ Bxf6 14. Nxd4 a6 15. Be4 Qc7 16. Bxb7 Qxb7 17. Nf3 Bxb2 18. Qxb2 {1-0 (54) Manojlovic,N-Milosevic,A (2240) Arandjelovac 1991}) 12... Bf8 {The position is equal.} 13. Qb2 ({Better is} 13. Rcd1 $11) 13... cxd4 $15 14. exd4 (14. Bxd4 $2 e5 15. Bc3 e4 $19) 14... Nh5 15. Rfe1 Bh6 16. Rcd1 Bxd2 17. Qxd2 (17. Nxd2 $2 Bxg2 $1 {[%mdl 512]} 18. Qc1 d5 19. cxd5 Bxd5 $19) 17... Bxf3 $1 18. gxf3 Qf6 19. Bf1 d5 (19... Qxf3 $6 20. Bg2 Qf5 21. Bxa8 Rxa8 22. Qd3 $14) 20. Qe3 Nf4 (20... Ng7 $15) 21. Kh1 Qh4 22. Bb4 e5 23. Bd6 (23. dxe5 $11 {remains equal.} f6 24. Bd2) 23... Re6 $1 $17 {Threatens to win with ...g5.} ({Of course not} 23... dxc4 $6 24. dxe5 (24. bxc4 Re6 25. Bxe5 Nxe5 26. dxe5 Rae8 $17) 24... Nd3 25. Bxd3 cxd3 26. Rxd3 $14) 24. Bxe5 Nxe5 25. dxe5 g5 $1 {Strongly threatening ...Rh6.} 26. Rd4 ({Don't go for} 26. cxd5 $2 Rh6 27. Qxf4 gxf4 $19) 26... dxc4 27. Rxc4 Rae8 $40 {[%mdl 128] White is in trouble.} 28. Re4 {[#]} (28. h3 $17) 28... Qh5 $1 $19 {...Rh6 is the strong threat.} (28... Rh6 {[#]} 29. h3 $1 $17 {[%mdl 512]}) 29. Rxf4 gxf4 30. Qxf4 Rxe5 31. Rxe5 Qxe5 {KQR-KQB} ({But not} 31... Rxe5 32. h4) 32. Qg4+ Kh8 33. Qc4 Rg8 34. f4 $2 (34. Qc1 $19) 34... Qg7 0-1

[Event "20th Heraklion IT Open 2017"]
[Site "Heraklion"]
[Date "2017.04.18"]
[Round "2"]
[White "Maris, Ioannis"]
[Black "Sredojevic, Ivan"]
[Result "0-1"]
[WhiteElo "1967"]
[BlackElo "2351"]
[Annotator "TA"]
[PlyCount "76"]
[EventDate "2017.??.??"]
[EventType "swiss"]
[EventCountry "GRE"]
[SourceTitle "playchess.com"]
[Source "ChessBase"]
[SourceQuality "1"]

{[%evp 13,76,14,16,-6,11,-9,-22,-31,-16,-41,-7,-14,-6,-23,-8,-37,-35,-66,-66,-64,-56,-63,-56,-94,-97,-191,-173,-389,-383,-344,-213,-343,-346,-393,-211,-205,-185,-185,-150,-170,-105,-125,0,0,0,0,0,-144,-135,-152,-142,-207,-214,-223,-223,-362,-370,-380,-343,-561,-443,-525,-426,-599,-466]} 1. e4 d6 2. d4 Nf6 3. Nc3 e5 4. Nf3 Nbd7 5. Be2 Be7 6. O-O O-O 7. h3 c6 {LiveBook: 34 Games} 8. a3 {C41: Philidor Defence} (8. Be3 Qc7 9. Nd2 Re8 10. f4 exd4 11. Bxd4 b5 12. Bf3 Bb7 13. Qe1 b4 14. Ne2 c5 15. Be3 Bf8 16. Ng3 d5 {0-1 (63) Savchenko,B (2632)-Movsesian,S (2721) Moscow 2010}) 8... Re8 9. dxe5 dxe5 10. Be3 {The position is equal.} Qc7 11. Bc4 h6 12. Qe2 $146 (12. Qb1 Nf8 13. Qa2 Be6 14. Bxe6 Nxe6 {½-½ (37) Byron,A (2241)-Carlsten,P (2030) Caleta 2012}) 12... b5 13. Ba2 Nc5 14. Rad1 a5 15. Bxc5 Bxc5 16. Nh4 Kh7 17. Qf3 Qe7 18. Ne2 g6 19. g4 (19. Nc1 $17 {was necessary.}) 19... Kg7 $19 20. Ng2 $2 (20. Kh1) 20... h5 21. gxh5 Nxh5 22. Ng3 (22. Ne3 $142) 22... Nf6 23. Ne3 Bxh3 (23... Rh8 $142 24. Qg2 Kf8) 24. Ngf5+ Bxf5 $1 ({Not} 24... gxf5 $2 25. Qg3+ (25. Qxh3 Bxe3 26. fxe3 Rh8 27. Qg3+ Kf8 28. Rxf5 Rd8 $11) 25... Kf8 26. Qxh3 $18) 25. exf5 e4 26. Qg2 Qe5 {[#]} (26... Bxe3 $1 $19 27. fxe3 Rad8) 27. Bxf7 $1 $17 {[%mdl 512] [#]} Kxf7 (27... Rh8 $1 $17 28. Bxg6 (28. fxg6 $2 Rh5 29. Rd7 Nxd7 $19) 28... Bd6 29. Bh5+ Kf8) 28. Qxg6+ $11 Kf8 {[%cal Bf7f8,Bf8g8,Bg8h8][%mdl 32]} 29. Qh6+ Kg8 30. Kh1 {[#]} (30. Qg6+ $1 $11 Kf8 31. Qh6+ Kf7 32. Qg6+ Kf8) 30... Nh7 $1 $17 31. Rd7 Re7 32. Rxe7 (32. Qxc6 $17 {keeps fighting.} Rxd7 33. Rg1+ Kh8 34. Qxa8+ Nf8 35. Rg4) 32... Qxe7 $19 ({Don't take} 32... Bxe7 33. Qxc6 Rd8 34. Rg1+ Ng5 35. Rg3) 33. Rg1+ Kh8 34. Ng4 (34. Rg6 $142 Rf8 35. Qf4) 34... Rg8 35. f6 Qe6 36. Qh4 $2 (36. Ne5 Rxg1+ 37. Kxg1 Qxf6 38. Qxf6+ Nxf6 39. Nxc6) 36... Qf5 {aiming for ...e3.Black is clearly winning.} 37. Rg2 {Hoping for Nh6.} Bf8 38. c3 (38. f7 {might work better.} Qxf7 39. Ne5) 38... Rg5 0-1